Представление документа в формате RUSMARC

ПолеНазваниеЗначение
  Тип записи a
  Библиографический уровень a
001 Контрольный номер RU/CBS_UL/BASE/558549692
005 Дата корректировки 20240209175216.1
100 Данные общей обработки __
a Данные общей обработки 20170912d2017 ||| 0rusy0189 ca
101 Язык документа 0_
a Язык текста rus
102 Страна публикации __
a Страна публикации RU
105 Кодированные данные (монография) __
a Кодированные данные (монография) y###||||000|y
200 Заглавие и сведения об ответственности 1_
a Заглавие Павел Дуров и Вконтакте
b Общее обозначение материала Текст
e Сведения, относящиеся к заглавию [о российском предпринимателе, программисте, одном из создателей социальной сети «ВКонтакте» П.В. Дурове]
300 Общие примечания __
a Общие примечания Ограничения по возрасту - 12+
461 Уровень набора _0
1 2000
a Ромео и Джульетта
463 Уровень физической единицы _0
1 001RU/CBS_UL/BASE/558113457
1 2000
a № 8
v С. 28-20 : фото
1 210
d 2017
600 Персоналии _0
a Персоналии (Фамилия) Дуров
b Персоналии (Имя, инициалы) П.В.
606 Тематические рубрики 0_
a Основная рубрика ВКонтакте", социальные сети
606 Тематические рубрики 0_
a Основная рубрика Дуров, Павел Валерьевич (1984)
610 Ключевые слова 0_
a Ключевые слова сети социальные
a Ключевые слова соцсети
a Ключевые слова Вконтакте (сети социальные)
610 Ключевые слова 0_
a Ключевые слова российские соцсети
a Ключевые слова ресурсы информационные
a Ключевые слова программисты
686 Индексы других классификаций __
a Классификационный индекс 32.973.202
2 Код системы ББК
801 Источник записи _0
a Страна RU
b Организация МБУК ЦБС г. Ульяновска
c Дата составления 20170912
g Правила каталогизации RCR
801 Источник записи _1
a Страна RU
b Организация МБУК ЦБС г. Ульяновска
c Дата составления 20170912
g Правила каталогизации RCR
901 Тип документа __
t Тип документа b
w Контрольный № источника RU/CBS_UL/BASE/558113457
910 Корректоры записи __
a Корректор записи Библиотека 1
938 Служебная информация __
a Имя БД period